000 00335nam a2200133Ia 4500
008 240624s9999 xx 000 0 und d
041 _aeng
082 _a658.8 SHA
100 _aSHANKAR VENKATESH
245 _aHANDBOOK OF MARKETING STRATEGY
260 _c2013
_aCheltenham
_bEdward Elgar Pub
300 _a528 : p.
365 _cGBP
_b30
999 _c26574
_d26574